00750nam a2200229 a 4500001001000000003000900010005001700019008003200036020001800068040003000086082002900116100005200145245004000197264003900237300002900276336002700305337003300332338002800365586006500393650003000458650003200488000027151DO-SdBPM20260202123312.0100805t2010 dr 000 p spa d a9789945870749 aDO-SdBPMbspacBPMSUdrda 4aPR861.44bP128z 20102221 aPagán López, Zuleika,d1982-eautor 4aut. 10aZozobra /cZuleika Pagán López. aSanto Domingo :bFerilibro,c2010. a59 Páginas ;c23. cm. atextobtxt2rdacontent asin mediaciónbn2rdamedia avolumenbnc2rdacarrier aPremio Internacional de Poesía Joven Feria del Libro, 2009 7aPoesía puertorriqueña 7aLiteratura puertorriqueña